Litigating sexual harassment & sex discrimination cases. (Registro nro. 173020)

Detalles MARC
000 -LEADER
fixed length control field 01564nas a2200409 i 4500
001 - CONTROL NUMBER
control field 2016247455
006 - FIXED-LENGTH DATA ELEMENTS--ADDITIONAL MATERIAL CHARACTERISTICS--GENERAL INFORMATION
fixed length control field m o d
007 - PHYSICAL DESCRIPTION FIXED FIELD--GENERAL INFORMATION
fixed length control field cr un ---uuuua
008 - FIXED-LENGTH DATA ELEMENTS--GENERAL INFORMATION
fixed length control field 160107c20159999cauar o 0 0eng d
010 ## - LIBRARY OF CONGRESS CONTROL NUMBER
LC control number 2016247455
035 ## -
-- 38717
040 ## - CATALOGING SOURCE
Original cataloging agency UtOrBLW
Language of cataloging eng
Description conventions rda
Transcribing agency UtOrBLW
042 ## -
-- pcc
043 ## -
-- n-us---
050 #4 -
-- KF3467
-- .L58
082 04 -
-- 344.73014133
-- 23
245 00 - TITLE STATEMENT
Title Litigating sexual harassment & sex discrimination cases.
246 1# -
-- Litigating sexual harassment and sex discrimination cases
264 #1 -
-- Costa Mesa, CA :
-- James Publishing,
-- [2015]-
300 ## - PHYSICAL DESCRIPTION
Extent 1 online resource (volumes)
310 ## -
-- Annual
336 ## -
-- text
-- txt
-- rdacontent
337 ## -
-- computer
-- c
-- rdamedia
338 ## -
-- online resource
-- cr
-- rdacarrier
362 1# -
-- Began with Revision 18, 11/2015.
500 ## - GENERAL NOTE
General note Author: Aaron B. Maduff.
500 ## - GENERAL NOTE
General note Includes index.
588 ## -
-- Description based on: Revision 18, 11/2015; title from title page.
588 ## -
-- Latest issue consulted: Revision 18, 11/2015.
650 #0 - SUBJECT ADDED ENTRY--TOPICAL TERM
Topical term or geographic name as entry element Sexual harassment
General subdivision Law and legislation
Geographic subdivision United States
General subdivision Trial practice.
650 #0 - SUBJECT ADDED ENTRY--TOPICAL TERM
Topical term or geographic name as entry element Sex discrimination in employment
General subdivision Law and legislation
Geographic subdivision United States
General subdivision Trial practice.
700 1# - ADDED ENTRY--PERSONAL NAME
Personal name Maduff, Aaron B.,
Relator term author.
780 00 -
-- Hubbard, Elizabeth, 1949-
-- Litigating sexual harassment & sex discrimination cases.
-- Rev. 17, 7/14.
-- Costa Mesa, CA : James Pub., [2014]
-- (OCoLC)898080423
856 40 - LOCALIZACIÓN Y ACCESO ELECTRÓNICO
Identificador Uniforme del Recurso (URI/URL) https://app.vlex.com/#/sources/38717
942 ## -
-- RAA
999 ## -
-- 173020
-- 173020

No hay ítems disponibles.


CONTACTO


NOSOTROS


SITIOS DE INTERES

coordinacion.biblioteca.biblioteca@unienlinea.mx Misión, Visión y Objetivos Bases de datos
Directorio Bibliotecas Digitales y Repositorios
Normatividad Revistas y artículos
Convenios interbibliotecarios
Boletines



Hecho en México. Universidad Insurgentes (UIN). Todos los derechos reservados 2024. Esta página y sus contenidos pueden ser reproducidos con fines no lucrativos, siempre y cuando no se mutile, se cite la fuente completa y su dirección electrónicas. De otra forma requiere permiso previo por escrito de la institución




2024 Copyright Universidad Insurgentes | www.bibliouin.com.mx